| 000 | 02453cam a22003017a 4500 | ||
|---|---|---|---|
| 001 | 13633312 | ||
| 003 | CEME | ||
| 005 | 20210628201543.0 | ||
| 008 | 040622s2004 nyua 001 0 eng d | ||
| 010 | _a 2004300732 | ||
| 020 | _a0824748735 | ||
| 035 | _a(OCoLC)ocm55520062 | ||
| 040 |
_aABC _cABC _dDLC |
||
| 042 | _alccopycat | ||
| 050 | 0 | 0 |
_aTJ1075 _b.M43 2004 |
| 100 |
_aTotten, George E. _918964 |
||
| 245 | 0 | 0 |
_aMechanical tribology : _bmaterials, characterization, and applications / _cedited by George E. Totten, Hong Liang. |
| 260 |
_aNew York : _bMarcel Dekker, _c2004. |
||
| 300 |
_aix, 496 p. : _bill. ; _c26 cm. |
||
| 504 | _aIncludes bibliographical references and index. | ||
| 505 | 0 | _aPreface -- Contributors -- Part One. Material and tribological characterization. 1. Surface characterization of materials / Paul J. Pigram, Narelle Brack, and Peter D. Hodgson ; 2. Surface characterization techniques: an overview / Kazuhisa Miyoshi ; 3. Mechanical behavior of plastics: surface properties and tribology / Nikolai K. Myshkin and Mark I. Petrokovets ; 4. Visualization and characterization of bulk and surface morphology by microthermal analysis and atomic force microscopy / Scott Edwards ... [et al.] ; 5. Macromechanics and micromechanics of ceramics / Besim Ben-Nissam, Giuseppe Pezzotti, and Wolfgang H. Müller ; 6. Scuffing and seizure: characterization and investigation / Tadeusz Burakowski, Marian Szczerek, and Waldemar Tuszynski ; 7. Wear mapping and wear characterization methodology / Christina Y.H. Lim and S.C. Lim ; 8. Measuring technique and characteristics of thin film lubrication at nanoscale / Jianbin Luo and Shizhu Wen -- Part Two. Tribological applications. 9. Tribology of metal cutting / Viktor P. Astakhov ; 10. Tribology in metal forming / Emile van der Heide and Dirk Jan Schipper ; 11. Tribology in textile manufacturing and use / Stephen Michielsen ; 12. Biotribology / Hong Liang and Bing Shi ; 13. Biocompatible metals and alloys: properties and degradation phenomena in biological environments / Alexia W.E. Hodgson, Sannakaisa Virtanen, and Heimo Wabusseg ; 14. Epilamization/barrier films / Zygmunt Rymuza -- Index. | |
| 650 | 0 |
_aTribology. _955804 |
|
| 650 | 0 |
_aSurfaces (Technology). _955805 |
|
| 650 | 0 |
_aMechanical wear. _955806 |
|
| 700 | 1 |
_aLiang, Hong. _955807 |
|
| 856 | 4 | 2 |
_3Publisher description _uhttp://www.loc.gov/catdir/enhancements/fy0647/2004300732-d.html |
| 942 |
_2ddc _cBK |
||
| 999 |
_c566478 _d566478 |
||